000
00304pam a2200145 a 4500
020
_c
041
_a
eng
082
_b
RAD
100
_a
Radhakrishnan.
245
_a
Search For Death
_h
Textual Documents
250
_a
2009.
260
_a
[s.l]:
_b
Hind Pocket Books
300
_a
203pg.
930
_a
12139
999
_c
89042
_d
89042